Competencia y crisis en la economía mexicana /

El autor analiza las teorías de la competencia y la crisis desde la visión marxista, aplicadas a la revisión de caso de la economía de mercado mexicana.

Guardado en:
書目詳細資料
主要作者: Ortiz Cruz, Etelberto (autor)
格式: 圖書
語言:西班牙语
出版: México : Siglo XXI : Universidad Autónoma Metropolitana Xochimilco, 1994, c1994
叢編:(Economía y Demografía)
主題:
標簽: 添加標簽
沒有標簽, 成為第一個標記此記錄!

MARC

LEADER 00000nam^a2200000^a^4500
001 000348550
005 20250521000000.0
009 20260526141439.59
020 |a 968-23-1903-X 
037 |a Acervo Xavier Clavigero 
041 |a ESP 
082 |a 330. 972  |b ORT 
100 |a Ortiz Cruz, Etelberto  |e (autor) 
245 1 0 |a Competencia y crisis en la economía mexicana /  |c E. Ortiz Cruz. 
264 4 |a México :  |b Siglo XXI :  |b Universidad Autónoma Metropolitana Xochimilco,  |c 1994, c1994 
300 |a 250 p. 
336 |a texto  |b txt  |2 rdacontenido 
337 |a sin mediación  |b n  |2 rdamedio 
338 |a volumen  |b nc  |2 rdasoporte 
440 1 |a (Economía y Demografía) 
520 |a El autor analiza las teorías de la competencia y la crisis desde la visión marxista, aplicadas a la revisión de caso de la economía de mercado mexicana. 
649 |a XX 
650 |a Equilibrio (Economía) -  |x Teoría 
650 |a Competencia (Economía) -  |z México 
650 |a Competencia (Economía) -  |x Teoría -  |x Tema Principal 
650 |a Crisis Económica -  |z México 
650 |a Crisis Económica -  |x Teoría -  |x Tema Principal 
650 |a Estabilidad Económica -  |z México 
650 |a Marxismo 
650 |a Economía -  |z México -  |x Análisis -  |x Tema Principal 
650 |a Economía -  |x Teoría -  |x Tema Principal 
650 |a México -  |x Condiciones Económicas 
910 |a Fondo General 
920 |a Impresos - Libros 
930 |a Colección General 
905 |a 101 
901 |a 042673  |b IT1  |c ACC  |u 20250521 
902 |a https://opac.biblio.iteso.mx/vufind/Record/000348550